|
|
|
|
| LEADER |
00000nab#a22000007a#4500 |
| 001 |
arbauad027838 |
| 003 |
AR-BaUAD |
| 005 |
20250711112257.0 |
| 008 |
970731|||||||||###||||||b###|0###a|spa|| |
| 040 |
|
|
|a AR-BaUAD
|c AR-BaUAD
|b spa
|
| 100 |
|
|
|a Lionello, Nadia
|
| 245 |
|
|
|a Il design, eccolo qua /
|c Nadia Lionello;
|
| 300 |
0 |
|
|b fot.
|
| 653 |
|
|
|a ITALIA
|
| 653 |
|
|
|a MILAN
|
| 653 |
|
|
|a RAMONDI, SERGIO EFREM
|
| 653 |
|
|
|a FOTOGRAFIAS
|
| 653 |
|
|
|a EXPOSICIONES
|
| 653 |
|
|
|a SALONE INTERNAZIONALE DEL MOBILE
|
| 653 |
|
|
|a FERIAS
|
| 653 |
|
|
|a DISEÑADORES INDUSTRIALES
|
| 653 |
|
|
|a HILTON, MATTHEW
|
| 653 |
|
|
|a COLOMBO, CARLO
|
| 653 |
|
|
|a BLUMER, RICCARDO
|
| 653 |
|
|
|a GRCIC, KONSTANTIN
|
| 653 |
|
|
|a STARCK, PHILIPPE
|
| 653 |
|
|
|a TARGETTI, PAOLO
|
| 653 |
|
|
|a LOVEGROVE, ROSS
|
| 653 |
|
|
|a WETTSTEIN, HANNES
|
| 653 |
|
|
|a ROSSI SCOLA, MARIO
|
| 653 |
|
|
|a BONADEI, MONIQUE
|
| 653 |
|
|
|a FRANZOLINI, ENRICO
|
| 653 |
|
|
|a CROCHET, JEAN FRANÇOIS
|
| 653 |
|
|
|a DISEÑO INDUSTRIAL
|
| 773 |
0 |
|
|t INTERNI
|g no. 463 [set. 1996], p. 192-201
|
| 942 |
|
|
|c ARTI
|
| 952 |
|
|
|0 0
|1 0
|4 0
|7 0
|9 72757
|a AR-BAuAD
|b AR-BAuAD
|d 2025-07-11
|l 0
|p AAQA027838
|r 2025-07-11 11:22:57
|w 2025-07-11
|y ARTI
|
| 990 |
|
|
|a F199
|b TD
|
| 990 |
|
|
|a DI199
|b TD
|
| 998 |
|
|
|a AAQ
|b BIBUN76
|
| 999 |
|
|
|c 52430
|d 52430
|